000 00332 a2200157 4500
001 179748
020 _a
040 _cMagnum
100 _aMachado, Ana Maria
240 1 0 _aA zabumba do quati
_lpor
245 1 0 _aA zabumba do quati
362 0 _a1899
440 1 _aMelhoramentos
697 _aMAGNITO: I/ANIMAIS
942 _cBK
999 _c179748
_d179748